Open Data Biblioteca Nacional de Portugal


República Portuguesa: Ministério da Cultura
Biblioteca Nacional de Portugal

Catálogo da BNP: acesso por Identificadores Unívocos
Registos Bibliográficos associados ao registo de autoridade

Etiqueta de registo: 00230nam 2200025 450
001 1794117
003 http://id.bnportugal.gov.pt/bib/catbnp/1794117
010 ## $a978-972-745-111-1
021 ## $aPT$b315525/10
100 ## $a20111110d2010 m y0pory01030103ba
101 0# $aeng
102 ## $aPT
105 ## $aa z 100yy
106 ## $ar
200 1# $aForest landscapes and global change$enew frontiers in management, conservartion and restoration$eabstracts$fed. João Carlos Azevedo... [et al.]
210 #9 $aBragança$cInstituto Politécnico de Bragança,$d2010
215 ## $a202 p.$cil.$d30 cm
675 ## $a719(042)$vBN$zpor$3964485
675 ## $a061.3$vBN$zpor$3292562
675 ## $a502/504(042)$vBN$zpor$31337206
702 #1 $aAzevedo,$bJoão C. $4340$3813999
710 12 $aIUFRO Landscapes Ecology Working Group International Conference$eBragança,$f2010$31473858
801 #0 $aPT$bBN$gRPC
856 41 $uhttp://rnod.bnportugal.gov.pt/ImagesBN/winlibimg.aspx?skey=&doc=1794117&img=19506&save=true
900 ## $aBIBNAC$d20130301
966 ## $lBN$mFGMON$sB.A. 35281 V.$x1
966 ## $lBN$mFGMON$sB.A. 35281 V.-D$x1

OpendataBNP@bnportugal.pt | Mais informação sobre acesso aos dados BNP